| 000 | 00536nam a2200169 i 4500 | ||
|---|---|---|---|
| 001 | 38365 | ||
| 003 | ES-MaACL | ||
| 005 | 20230906155737.0 | ||
| 007 | t| | ||
| 008 | 030225s1911 fr ||||1| fre d | ||
| 100 | 1 |
_aBurnet, Etienne. _932730 |
|
| 245 | 1 | 0 |
_aMicrobes et toxines / _cEtienne Burnet ; avec une introduction de Elie Metchnicoff. |
| 260 |
_aParís : _bErnest Flammarion, _c1911 ( _fHemmerti et Cie.) |
||
| 300 |
_aXII, 350 p., 1 lám. : _bil. ; _c19 cm. |
||
| 700 | 1 |
_aMetchnicoff, Elie. _980723 |
|
| 852 |
_aES-MaACL _jF-6161 |
||
| 999 |
_c38365 _d38365 |
||